000
00344nam a2200145Ia 4500
999
_c
14401
_d
14401
003
OSt
005
20260317180402.0
008
260210s9999 xx 000 0 und d
020
_a
9780198779377
082
_a
307.7609 CLA
100
_a
Clark
245
4
_a
The Oxford Handbook Of Cities In World History
260
_b
Oxford
942
_c
UG
_2
ddc